000 00600nam a22001817a 4500
005 20251108172832.0
008 250721s2003 xx 000 0 ara d
082 1 4 _a410.662/هيج
100 1 _aأبو الهيجاء، ياسين
245 1 0 _aمظاهر التجديد النحوي - لدى مجمع اللغة العربية في القاهرة /
264 1 _aعمان :
_bعالم الكتب الحديث،
_c2003.
300 _a363 ص
650 1 7 _aالمجامع اللغوية
650 1 7 _aالقاهرة
650 1 7 _aاللغة العربية
942 _2ddc
_cBK
999 _c89676
_d89676